000 00647nam a2200193Ia 4500
005 20260120124608.0
008 008 260114s9999 xx 000 0 eng d
020 _a9781848558342
037 _aEBOOK
040 _aCRL
_beng
_cCRL
041 _aeng
_2eng
084 _qCRL
245 0 _aSocial Sources of Disparities in Health and Health Care and Linkages to Policy, Population Concerns and Providers of Care
260 _bEmerald Publishing
_c2009
700 _aJennie Jacobs Kronenfeld
_9908185
856 _uhttps://www.emerald.com/insight/publication/doi/10.1108/S0275-4959(2009)27
942 _cEBOOK
999 _c1500074
_d1500074